000
00283 a2200121 4500
001
60231
082
_a
303.625 TAH
090
_c
36972
_d
36972
100
_a
Tahirul Qadri
245
_a
Dehshat Ghardi Aur Fitna Kharij
_h
Urdu
260
_a
Lahore
_b
Minhaj ul Quran
_c
2010
300
_a
413
942
_a
CAE NUST
_k
81650
999
_c
295304
_d
295304